00724nam a22002057a 450000500170000001000150001702000260003203500140005803700140007208200120008610000140009824500570011226000570016927000590022630000200028550000440030594200260034999900190037595201240039420180828150937.0 aENG-123856 a9788183690317c850.00 aEN-107388 bDBAD/PUB. a301.153 aRaj Kumar aGandhian ideals and asian resurgence /cby Raj Kumar aNew DelhibLife Span Publishers & Distributorsc2011 a215, Nilgiri Apartments, Alaknanda,bNew Delhie110019v a276p.c22cm(Hb) aIt includes chronology and bibliography 2ddccENmRAJh301.153 c156240d156240 001040718NFICaDBADbBNd2018-08-24eDBAD/PUBg850.00l0o301.153 RAJpEN-107388r2018-08-24 00:00:00t1v850.00yEN